000 00978nam a22002177a 4500
999 _c17944
_d17944
005 20251125232901.0
008 s2532 th tha d
040 _aNALT
041 _atha
100 0 _aกุศล บุญยืน
245 1 0 _aคำอธิบายประมวลกฎหมายแพ่งและพาณิชย์ว่าด้วย ตัวแทน นายหน้า [8th]
260 3 _aกรุงเทพฯ :
_bยงพลเทรดดิ้ง,
_c2532
300 _a203 หน้า ;
_b 26 ซม.
650 0 4 _aกฎหมายแพ่งและพาณิชย์ -- ตัวแทน
650 0 4 _aกฎหมายแพ่งและพาณิชย์ -- นายหน้า
850 _aNALT
856 4 0 _uhttps://hdl.handle.net/20.500.14156/302419
_71
942 _cLB
_2lcc
998 _j25
_k นีลวัสน์ อินทรักษา
090 _aKS47 ก729ค 2532